Vida y circuntancia de enrique julio : fundador de la nueva provinica /

Guardado en:
Autor Principal: Gallardo, Juan Luis
Formato: Libro
Publicado: Buenos Aires : La Nueva Provincia, 1998
Materias:
Etiquetas: Agregar Etiqueta
Sin Etiquetas, Sea el primero en etiquetar este registro!
LEADER 00570nam a22001815a 4500
001 CEM.cems013094
005 20090403104051.0
008 130507s1998##################000#0#####d
003 CEMS
020 |a 9879706307 
082 0 4 |a 923 
100 1 |a Gallardo, Juan Luis 
245 1 0 |a Vida y circuntancia de enrique julio :  |b fundador de la nueva provinica /  |c Juan Luis Gallardo 
260 |a Buenos Aires :  |b La Nueva Provincia,  |c 1998 
300 |a 244 p. 
653 |a Biografías 
653 |a Julio, enrique-biografía 
859 |a CEMS  |b BIB. CEMS - 11 de abril  |h 923  |i Ju945g  |p 25536.09  |t Ej.1